| 000 | 00770cam a22002533a 4500 | ||
|---|---|---|---|
| 001 | 8386 | ||
| 003 | PGUSA | ||
| 005 | 20140828083155.0 | ||
| 008 | 050601s2005||||xxu|||||s|||||000 1 eng d | ||
| 040 |
_aPGUSA _beng |
||
| 042 | _adc | ||
| 050 | 4 | _aPS | |
| 100 | 1 |
_aWells, Carolyn, _d1862-1942 |
|
| 245 | 1 | 0 |
_aPtomaine Street : _bThe Tale of Warble Petticoat _h[electronic resource] / _cCarolyn Wells |
| 260 |
_bProject Gutenberg, _c2005 |
||
| 500 | _aA parody on Sinclair Lewis's "Main Street." | ||
| 506 | _aPublic domain in the USA. | ||
| 516 | _aElectronic text | ||
| 653 | _aFiction | ||
| 653 | _aLewis, Sinclair, 1885-1951 -- Parodies, imitations, etc. | ||
| 830 | 0 |
_aProject Gutenberg _v8386 |
|
| 856 | 4 | 0 | _uhttp://www.gutenberg.org/ebooks/8386 |
| 942 | _cEB | ||
| 999 |
_c237686 _d237686 |
||